| 000 | 00579nam a22001932 4500 | ||
|---|---|---|---|
| 001 | 0000006194 | ||
| 005 | 20151217145830.0 | ||
| 008 | 070924s xx 000 0 eng d | ||
| 020 |
_a8125913629 : _cKES 510 |
||
| 040 |
_aKABU _cKABU |
||
| 245 | 1 | 0 |
_aDiscrete mathematics / _cN. ch. S. N. Iyengar... [et al.] : |
| 260 |
_aNew Delhi : _bVikas, _c2003. |
||
| 300 | _axiv, 376 p. | ||
| 650 | 0 |
_aComputer science _xMathematics. _@0000154076 |
|
| 700 | 1 |
_aIyengar, N. Ch. S. N. _@0000157584 |
|
| 908 | _a070924 | ||
| 950 | _@1 | ||
| 999 |
_c3071 _d3071 |
||